| 000 | 00806nab a22002295i 4500 | ||
|---|---|---|---|
| 001 | 180787 | ||
| 003 | ES-MaACL | ||
| 005 | 20250902063116.0 | ||
| 008 | 120712s1913 sp c 000 s spa d | ||
| 100 | 1 |
_aKarr, Carme, _d1865-1943 _eaut _9150939 |
|
| 245 | 1 | 0 |
_aCultura femenina / _cpor Carmen Karr |
| 300 | _aPáginas 12-22 | ||
| 594 | _aPrecede al título: Conferencias del Ateneo de Madrid | ||
| 599 | _aRetrato de la autora en portada | ||
| 610 | 2 | 4 |
_aAteneo de Madrid- _vConferencias- _y1900-1939 _91907 |
| 650 | 7 |
_aFeminismo- _yS.XX _9149100 |
|
| 655 | 4 |
_aConferencias _9234444 |
|
| 773 | 0 |
_t'La Palabra : revista taquigráfica', _xISSN 2479-7723, _gN. 9 (1 mayo 1913), p. 12-22 _w2879 _02879 _92987 |
|
| 942 |
_cANAB _2udc _n0 |
||
| 999 |
_c180787 _d180787 |
||